| 000 | 00721nam a22002057a 4500 | ||
|---|---|---|---|
| 999 |
_c13956 _d13956 |
||
| 003 | AR-CdUCM | ||
| 008 | 190417b ||||| |||| 00| 0 spa d | ||
| 040 |
_aMUNICIPALIDAD PROVINCIAL DEL CUSCO _cBIBLIOTECA MUNICIPAL DEL CUSCO |
||
| 082 |
_aC / 985.6 / _bL65 |
||
| 100 |
_aLinares, Octavio _931654 |
||
| 245 | _aCuzco / | ||
| 260 |
_aCuzco : _bH. G. Rozas, _c1963. |
||
| 300 |
_a18 páginas _c21 cm. _bIlustraciones, laminas, fotografías ... |
||
| 505 | _aContenido : Los orígenes -- El imperio -- La conquista española -- La emancipación y la república -- El porvenir ... | ||
| 650 |
_aCusco _9772 |
||
| 650 |
_aOrígenes _923017 |
||
| 650 |
_aHistoria _9136 |
||
| 942 |
_2ddc _cLIBROS |
||
| 945 |
_arah _d17/04/2019 |
||